Traffic engineering handbook.

Bibliographic Details
Corporate Author: Institute of Traffic Engineers
Other Authors: Evans, Henry K. (Henry King)
Format: Book
Language:English
Published: New Haven : Institute of Traffic Engineers, 1950.
Edition:2d ed. /
Subjects:

MARC

Tag First Indicator Second Indicator Subfields
LEADER 00000cam a2200000 i 4500
001 in00000213936
005 20151009060544.0
008 760309s1950 ctua b 00100 eng
010 |a  50011947  
035 |a (OCoLC)02038662 
035 |9 AAX3904AM 
040 |a CIN  |c CIN  |d TXA  |d UtOrBLW 
049 |a TXAM  |c 1 [194979]  |c 2 [450606] 
050 0 |a HE369  |b .T68 1950 
082 0 |a 388.3 
245 0 0 |a Traffic engineering handbook. 
250 |a 2d ed. /  |b Editor: Henry K. Evans. Prepared under direction of the Traffic Engineering Handbook Editorial Board. 
264 1 |a New Haven :  |b Institute of Traffic Engineers,  |c 1950. 
300 |a xiii, 514 pages :  |b illustrations ;  |c 23 cm. 
336 |a text  |b txt  |2 rdacontent 
337 |a unmediated  |b n  |2 rdamedia 
338 |a volume  |b nc  |2 rdacarrier 
500 |a First edition, 1941, edited by Harold F. Hammond and Leslie J. Sorenson. 
504 |a Includes bibliographies. 
650 0 |a Traffic engineering. 
650 0 |a Traffic accidents. 
700 1 |a Evans, Henry K.  |q (Henry King) 
710 2 |a Institute of Traffic Engineers. 
999 |a MARS 
999 f f |s 29457ad7-a91c-32ce-bd1d-5bff75f173d5  |i c8004b46-71e5-3934-ac0f-ef4fd6fb7f72  |t 0 
952 f f |p normal  |a Texas A&M University  |b College Station  |c Sterling C. Evans Library  |d Evans: Library Stacks  |t 0  |e HE369 .T68 1950  |h Library of Congress classification  |i unmediated -- volume  |m A14802749314 
998 f f |a HE369 .T68 1950  |t 0  |l Evans: Library Stacks